| 000 | 01509nam a2200337 c 4500 | ||
|---|---|---|---|
| 003 | BLK | ||
| 005 | 20180420231916.0 | ||
| 008 | 180409b bul|||||r ||||||| ||bul|| | ||
| 010 | _aKNG00131235000 | ||
| 040 | _aBLK | ||
| 041 |
_aBUL _cBUL |
||
| 080 |
_aСредства на водния транспорт. Плавателни съдове. Корабостроене _b629.12 _x(02.062) _z629.12(02.062) |
||
| 100 | 1 |
_aБелкин, Семьон Исакович _eпърви автор _9319512 |
|
| 700 | 1 |
_aКавалджиева, Боряна _eпрев. от рус. _9319513 |
|
| 139 |
_aБелкин, Семьон Исакович _bБ 35 |
||
| 245 | 1 | 0 |
_aРазкази за известни кораби _bНаучнопопул. четиво _cСемьон Исакович Белкин; прев. от рус. Боряна Кавалджиева. |
| 257 | _aSUN | ||
| 260 |
_аВарна _bГеорги Бакалов _c1986 |
||
| 300 |
_a219 с. _c20 см |
||
| 380 | _a62 | ||
| 500 | _aОриг. загл. Рассказы о знаменитых кораблях / С. И. Белкин. - 117 тир. | ||
| 650 | 4 |
_aКорабостроене _9159429 |
|
| 650 | 4 |
_aКорабоплаване - история _9304558 |
|
| 653 | _aкораби | ||
| 653 | _aистория | ||
| 852 | _aЦб 140865 | ||
| 856 | 4 |
_qpdf _u |
|
| 856 | 4 |
_qpdf _u |
|
| 942 |
_cKNG _n0 |
||
| 944 |
_aCR _c12.06.2012 _l12.06.2012 - от С1,Р / 12.06.2012 _kЛюдмила_Стоянова |
||
| 944 |
_aED _c12.06.2012 _l12.06.2012 - от С1,Р / 12.06.2012 _k |
||
| 999 |
_c125563 _d125563 |
||